Three Biggest Cities in Each Community of Spain on a Map - Statistics

General Stats
  • This quiz has been taken 300 times
  • The average score is 32 of 51
Answers on the Map
Answers color-coded by a green-red scale on the quiz's map according to % correct below.
 
Answer Stats
Community Rank Population City % Correct
1 350,184 Bilbao
99%
1 1,664,182 Barcelona
98%
1 3,334,730 Madrid
98%
2 578,460 Málaga
98%
1 691,395 Seville
98%
1 800,215 Valencia
98%
1 681,877 Zaragoza
97%
1 422,587 Palma
95%
1 459,403 Murcia
94%
3 326,039 Córdoba
91%
2 247,604 A Coruña
90%
2 337,482 Alicante
89%
1 381,223 Las Palmas de Gran Canaria
86%
1 299,265 Valladolid
86%
1 203,944 Pamplona
85%
1 296,692 Vigo
85%
3 188,240 Donostia
83%
3 51,128 Ibiza
82%
2 209,194 Santa Cruz de Tenerife
78%
1 271,717 Gijón
77%
1 173,375 Santander
76%
3 85,811 Toledo
75%
2 219,910 Oviedo
74%
2 269,382 L'Hospitalet de Llobregat
69%
3 144,825 Salamanca
69%
1 150,984 Badajoz
65%
2 253,996 Vitoria-Gasteiz
65%
3 234,765 Elche
61%
2 176,418 Burgos
60%
2 216,108 Cartagena
60%
1 174,336 Albacete
57%
2 53,956 Huesca
55%
3 59,548 Mérida
53%
3 105,643 Ourense
52%
1 152,485 Logroño
51%
2 96,255 Cáceres
48%
2 87,484 Guadalajara
46%
3 223,627 Terrassa
45%
3 36,240 Teruel
44%
3 197,562 Alcalá de Henares
40%
2 210,309 Móstoles
37%
3 77,791 Avilés
33%
3 95,515 Lorca
33%
3 158,911 San Cristóbal de La Laguna
33%
2 51,597 Torrelavega
26%
2 37,042 Tudela
26%
3 32,270 Castro-Urdiales
23%
2 24,531 Calahorra
20%
2 51,710 Calvià
19%
3 15,015 Arnedo
16%
3 21,418 Valle de Egüés
10%
No matching quizzes found
Score Distribution
Percent of People with Each Score
Percentile by Number Answered
Your Score History
You have not taken this quiz